Statistiche per Stazioni tratta Laveno M. Lago - Varese Nord - Milano Cadorna

Clicka qui per fare il quiz!

Statistiche generali

  • Questo quiz è stato fatto 13 volte
  • Il punteggio medio è 10 su 24

Statistiche sulle risposte

Risposta% Corretto
Laveno M. Lago
100%
Milano Cadorna
91%
Varese Nord
82%
Milano Bovisa
73%
Milano Domodossola
73%
Saronno
64%
Gavirate
45%
Malnate
45%
Cislago
36%
Cocquio Trevisago
36%
Gerenzano - Turate
36%
Cittiglio
27%
Gemonio
27%
Locate Varesino - Carbonate
27%
Morosolo - Casciago
27%
Mozzate
27%
Tradate
27%
Tradate Abbiate Guazzone
27%
Varese Casbeno
27%
Vedano Olona
27%
Venegono Inferiore
27%
Venegono Superiore - Castiglione Olona
27%
Barasso - Comerio
18%
Gavirate Verbano
18%

Distribuzione punteggi

Percentile per numero di risposta

Percentuale di utenti per punteggio

I tuoi punteggi nel tempo

Non hai fatto questo quiz